000 01292nam2a2200253 4500
001 rc\2984175
005 20260315062741.0
035 _a(NLR Aleph) 007128879
090 _a13612109
_c13612109
100 _a20110913d1939 u y0rusy50 ca
101 0 _arus
102 _aRU
105 _aa z |||||
200 1 _aТепловые процессы и установки
_fПод ред. инж. Г.О. Гросса
210 _d1939
215 _a1036 с., 8 вкл. л. ил., черт., диагр., схем. и табл.
_cил., черт., диагр., схем., табл.
320 _aБиблиогр. в конце глав и разделов ...
461 0 _1001rc\2984173
_12001#$aОгнеупоры$eСправочник по огнеупорной промышленности ... Т. 1-$fРед. справочника В.Я. Лохвицкий$vТ. 2
_96938774
_cМосква
_d1937
_fРед. справочника В.Я. Лохвицкий
_nОнти. Глав. ред. строит. лит-ры
_oСправочник по огнеупорной промышленности ... Т. 1-
_tОгнеупоры
_vТ. 2
702 1 _aГросс
_bГ.О.
_4340
801 0 _aRU
_bNLR
_gpsbo
801 1 _aRU
_bELAR
_2rusmarc
852 _aNLR
_j37-18/100(2)
942 _cUNSPEC
980 _aNB